Le voeu exaucé des brabançons, ou, Description de la Journée glorieuse ou leurs altesses royales ont eté conduites et triomphe, le 31 de mai 1787

Detalles Bibliográficos
Formato: Libro
Lenguaje:Undetermined
French
Publicado: en Brabant : s.n., 1787.
Materias:
Colección:Banco de datos
Acervo:Biblioteca Palafoxiana. Colección bibliográfica
Descripción Física:16 p. ; 4°
Tema general:Historia civil
Notas:Incluye frontispicio. Número de localización: 31784-N
LEADER 00630nam a2200169Ia 4500
008 150723s9999 xx 000 0 und d
041 0 |a fre 
050 0 |a PAFX D20 E6 
245 1 0 |a Le voeu exaucé des brabançons, ou, Description de la Journée glorieuse ou leurs altesses royales ont eté conduites et triomphe, le 31 de mai 1787 
260 |a en Brabant : s.n., 1787. 
300 |a 16 p. ; 4° 
500 |a Incluye frontispicio. Número de localización: 31784-N 
501 |a Encuadernado con 33 obras 
650 1 0 |a Historia civil 
942 |c PALALIB 
943 |g Biblioteca Palafoxiana. Colección bibliográfica 
999 |c 1064263  |d 1064263